SEA Games Host - Statistics

General Stats
  • This quiz has been taken 258 times
    22 since last reset
  • The average score is 33 of 44
Answer Stats
Year Host Country City/Cities % Correct
1959 Thailand Bangkok
100%
1967 Thailand Bangkok
100%
1975 Thailand Bangkok
100%
1987 Thailand Bangkok
100%
2025 Thailand Bangkok
100%
1981 Philippines Manila
100%
1991 Philippines Manila
100%
2005 Philippines Manila
100%
2033 Philippines Manila
100%
2003 Vietnam Hanoi
93%
2021 Vietnam Hanoi
93%
1979 Indonesia Jakarta
93%
1985 Indonesia Jakarta
93%
1997 Indonesia Jakarta
93%
2011 Indonesia Jakarta
93%
1965 Malaysia Kuala Lumpur
93%
1971 Malaysia Kuala Lumpur
93%
1977 Malaysia Kuala Lumpur
93%
1989 Malaysia Kuala Lumpur
93%
2001 Malaysia Kuala Lumpur
93%
2017 Malaysia Kuala Lumpur
93%
2027 Malaysia Kuala Lumpur
93%
1961 Myamnar Yangon
87%
1969 Myanmar Yangon
87%
2003 Ho Chi Minh City
80%
2009 Laos Vientiane
80%
2031 Laos Vientiane
80%
1999 Brunei Bandar Seri Begawan
73%
2013 Myanmar Naypyidaw
67%
2023 Cambodia Phnom Penh
67%
2029 - Singapore
60%
1973 - Singapore
60%
1983 - Singapore
60%
1993 - Singapore
60%
2015 - Singapore
60%
2011 Indonesia Palembang
53%
1995 Thailand Chiang Mai
40%
Chonburi
40%
2019 Philippines Davao City
33%
2007 Thailand Nakhon Ratchasima
33%
Penang
33%
Sarawak
20%
Songkhla
20%
2019 Tubod
7%
No matching quizzes found
Score Distribution
Percent of People with Each Score
Percentile by Number Answered
Your Score History
You have not taken this quiz since the last reset